Teilhard y las grandes derivas del mundo viviente

Պահպանված է:
Մատենագիտական մանրամասներ
Հիմնական հեղինակ: Meyer, Francois
Ձևաչափ: Գիրք
Լեզու:Undetermined
Հրապարակվել է: Buenos Aires, Argentina Columba 1968
Խորագրեր:
Ցուցիչներ: Ավելացրեք ցուցիչ
Չկան պիտակներ, Եղեք առաջինը, ով նշում է այս գրառումը!

MARC

LEADER 00000nam a2200000Ia 4500
008 170316s9999 xx 000 0 und d
090 |a 100 M-40t 
100 |a Meyer, Francois 
245 |a Teilhard y las grandes derivas del mundo viviente 
260 |a Buenos Aires, Argentina 
260 |b Columba 
260 |c 1968 
300 |a 70 páginas 
650 |a FILOSOFÍA MEDIEVAL 
999 |c 17017  |d 17017 
040 |a cru BVZT 
942 |c 15 D  |h 100 M-40t  |2 z